000 002230000a22000970004500
100 1 _aMottesi, Alberto H.
245 1 0 _aSeven keys in your pocket
300 _aNúm 3 (1984), Páginas 9-10
773 0 _tTogether
942 _cANA
999 _c57036
_d57036